000 00616nam a2200193 i 4500
001 32874
003 ES-MaACL
005 20250803063033.0
007 t|
008 030131s1971 sp ||||1| spa d
100 1 _aBenjamin, Walter,
_d1892-1940
_9241507
245 1 0 _aAngelus novus /
_cWalter Benjamin ; [traducción de H. A. Murena ; prólogo Ignacio de Solá-Morales].
260 _a[Barcelona] :
_bEdhasa,
_c1971.
300 _a217 p. ;
_c22 cm.
700 1 _aMurena, H. A.
_984564
700 1 _aSolà-Morales, Ignasi de.
_9107058
852 _aES-MaACL
_jC-38479
_bR.76794
999 _c32874
_d32874